Normal view
MARC view
Entry Personal Name
001 - CONTROL NUMBER
- control field: 85427
003 - CONTROL NUMBER IDENTIFIER
- control field: dpl
005 - DATE AND TIME OF LATEST TRANSACTION
- control field: 20251008124202.0
008 - FIXED-LENGTH DATA ELEMENTS
- fixed length control field: 251008|| aca||aabn | a|a d
040 ## - CATALOGING SOURCE
- Original cataloging agency: dpl
- Transcribing agency: dpl
100 ## - HEADING--PERSONAL NAME
- Personal name: श्रीवास्तव रामपाल
670 ## - SOURCE DATA FOUND
- Source citation: Work cat.: (dpl)213616: श्रीवास्तव रामपाल , सत्ता के गलियारे में सफ़ेद हाथी/, 2023
